[Event "Speed Super Swiss KO 2020"]
[Site "chess.com INT"]
[Date "2020.10.04"]
[Round "4.13"]
[White "Nakamura,Hi"]
[Black "Fedoseev,Vl3"]
[Result "1-0"]
[WhiteElo "2736"]
[BlackElo "2678"]

1.d4 Nf6 2.Nf3 g6 3.c4 Bg7 4.Nc3 d6 5.e4 O-O 6.Be2 c5 7.O-O cxd4 8.Nxd4 Bd7
9.Be3 Nc6 10.Qd2 Nxd4 11.Bxd4 Bc6 12.f3 a5 13.Rfd1 Nd7 14.Bf2 a4 15.Rac1 Qa5
16.Be3 Rfc8 17.Bf1 Kf8 18.Qf2 a3 19.b4 Qxb4 20.Nd5 Bxd5 21.exd5 Bb2 22.Rc2 Ne5
23.Qh4 h5 24.Bh6+ Kg8 25.Qxe7 Nxc4 26.Qe4 b5 27.Kh1 Re8 28.Qf4 Qa4 29.Bd3 Re3
30.Be4 Re8 31.Rf1 Be5 32.Qh4 f5 33.Bxf5 gxf5 34.Qg5+ Kf7 35.Qxf5+ Kg8 36.Qg6+ Kh8
37.Bxe3 Re7 38.Qxh5+ Rh7 39.Qe8+ Kg7 40.Qe7+ Kg6 41.Qe6+ Kg7 42.Qe7+ Kg6
43.Qg5+ Kf7 44.Qf5+ Kg8 45.Bf4 Bxf4 46.Re2 Rf7 47.Re8+ Kg7 48.Qg4+  1-0

[Event "Speed Super Swiss KO 2020"]
[Site "chess.com INT"]
[Date "2020.10.04"]
[Round "4.5"]
[White "Nakamura,Hi"]
[Black "Fedoseev,Vl3"]
[Result "1-0"]
[WhiteElo "2736"]
[BlackElo "2678"]

1.e4 c6 2.d4 d5 3.e5 Bf5 4.h4 h5 5.Bd3 Bxd3 6.Qxd3 Qa5+ 7.Bd2 Qa6 8.e6 Qxd3
9.exf7+ Kxf7 10.cxd3 Nd7 11.Nf3 Nh6 12.Nc3 Nf5 13.O-O g6 14.Rfe1 Bg7 15.Ne2 Bf6
16.Bg5 Rae8 17.b4 e5 18.g3 Bxg5 19.Nxg5+ Kf6 20.dxe5+ Nxe5 21.Nf4 Nd4 22.Rec1 Re7
23.Kg2 Rhe8 24.Rab1 Ng4 25.b5 Nxb5 26.Rxb5 cxb5 27.Nxd5+ Ke5 28.Nxe7 Rxe7
29.Re1+ Kd6 30.Ne4+ Kc7 31.f3 Ne5 32.Nc3 Nc6 33.Nd5+ Kd6 34.Nxe7 Nxe7 35.g4 Nd5
36.Kg3 b4 37.f4 Nf6  1-0

[Event "Speed Super Swiss KO 2020"]
[Site "chess.com INT"]
[Date "2020.10.04"]
[Round "4.6"]
[White "Fedoseev,Vl3"]
[Black "Nakamura,Hi"]
[Result "1/2-1/2"]
[WhiteElo "2678"]
[BlackElo "2736"]

1.e4 e5 2.Nf3 Nc6 3.Bb5 Nf6 4.O-O Nxe4 5.d4 Nd6 6.Bxc6 dxc6 7.dxe5 Nf5 8.Qxd8+ Kxd8
9.h3 Ke8 10.Nc3 h5 11.a3 Be7 12.Bg5 Be6 13.Rad1 h4 14.Rfe1 Rh5 15.Bxe7 Nxe7
16.Ne2 Ng6 17.Ned4 Bd5 18.b3 Rd8 19.e6 f6 20.c4 Bxf3 21.Nxf3 Rd6 22.Rxd6 cxd6
23.Re4 f5 24.Rd4 Ke7 25.c5 d5 26.Ra4 Rh8 27.Rxa7 Rb8 28.Nd4 Kf6 29.Kf1 Ke5
30.Ra4 Ne7 31.Rb4 g5 32.Ke2 g4 33.Kd3 Kf6 34.a4 Ng6 35.Nxc6 Rc8 36.Nd4 Nf4+
37.Kd2 Nxg2 38.Rxb7 gxh3 39.Rf7+ Kg6 40.Nf3 Nf4 41.Ne5+ Kh6 42.e7 h2 43.Rf8 h1=Q
44.Rxc8 Qe4 45.Rh8+ Kg7 46.Rg8+ Kf6 47.e8=Q Qe2+ 48.Kc3 Qe1+ 49.Kb2 Qxf2+
50.Kb1 Qe1+ 51.Ka2 Qf2+ 52.Kb1 Qe1+ 53.Kc2 Qf2+ 54.Kc3 Qxc5+ 55.Nc4 dxc4
56.Qf8+ Qxf8 57.Rxf8+ Kg6 58.Rd8 cxb3 59.Rd2 h3 60.a5 Ne6 61.a6 Nc7 62.a7 Nb5+
63.Kxb3 Nxa7 64.Rh2 Nc6 65.Rxh3 Ne5 66.Kc3 Kg5 67.Kd4 Ng6 68.Rf3 f4 69.Ke4 Kg4
70.Rf1 Kg5 71.Rg1+ Kf6 72.Rg2 Nh4 73.Rg4 Ng6 74.Rg1 Ne7 75.Kxf4 Ng6+ 76.Ke4 Ne7
77.Rf1+ Ke6 78.Ra1 Kf6 79.Ra6+ Kg5 80.Ra5+ Kf6 81.Rb5 Nc8 82.Rc5 Nd6+ 83.Kf4 Ke6
84.Re5+ Kd7 85.Rc5 Ke6 86.Rc1 Kd5 87.Rd1+ Ke6 88.Rd2 Nf7 89.Re2+ Kd5 90.Re7 Nd6
91.Re5+ Kd4 92.Rh5 Nc4 93.Rh8 Kd5 94.Rd8+ Nd6 95.Ke3 Ke5 96.Kd3 Kd5 97.Ra8 Ke5
98.Ra5+ Ke6 99.Kd4 Nf5+ 100.Kc5 Ke5 101.Ra8 Nd6 102.Kc6 Nf5 103.Rd8 Nd4+
104.Kb6 Ne6 105.Rd1 Ke4 106.Kb5 Ke5 107.Kc4 Nf4 108.Re1+ Kd6 109.Kd4 Ne6+
110.Ke4 Nc5+ 111.Ke3 Kd5 112.Rd1+ Ke5 113.Rf1 Ne6 114.Rh1 Nf4 115.Kf3 Ne6
116.Rh5+ Kd4 117.Rh6 Kd5 118.Ke3 Nc5 119.Rh5+ Kc4 120.Re5 Nd7 121.Re7 Nc5
122.Rc7 Kd5 123.Rc8 Kd6 124.Rd8+ Ke5 125.Rd4  1/2-1/2

[Event "Speed Super Swiss KO 2020"]
[Site "chess.com INT"]
[Date "2020.10.04"]
[Round "4.3"]
[White "Nakamura,Hi"]
[Black "Fedoseev,Vl3"]
[Result "1/2-1/2"]
[WhiteElo "2736"]
[BlackElo "2678"]

1.e4 c6 2.d4 d5 3.e5 Bf5 4.h4 h5 5.Bd3 Bxd3 6.Qxd3 Qa5+ 7.Bd2 Qa6 8.e6 Qxd3
9.exf7+ Kxf7 10.cxd3 Nd7 11.Nc3 Nh6 12.Nf3 Nf5 13.Ne2 g6 14.Ng3 Nxg3 15.fxg3 Bg7
16.O-O Bf6 17.Bf4 Kg7 18.Rae1 Rhf8 19.Re2 c5 20.Rc2 b6 21.b4 cxb4 22.Rc7 Rfd8
23.Ne5 Bxe5 24.Bxe5+ Kg8 25.Bf4 a5 26.Bg5 Rac8 27.Rb7 Rb8 28.Ra7 Ra8 29.Rb7 Rab8
30.Ra7 Ra8 31.Rc7 Rac8 32.Ra7 Ra8  1/2-1/2

[Event "Speed Super Swiss KO 2020"]
[Site "chess.com INT"]
[Date "2020.10.04"]
[Round "4.2"]
[White "Fedoseev,Vl3"]
[Black "Nakamura,Hi"]
[Result "0-1"]
[WhiteElo "2678"]
[BlackElo "2736"]

1.e4 c5 2.Nf3 d6 3.d4 cxd4 4.Nxd4 Nf6 5.Nc3 a6 6.Rg1 g6 7.g4 Bg7 8.g5 Nfd7
9.Be3 b5 10.h4 Bb7 11.h5 Nc6 12.h6 Bxd4 13.Bxd4 O-O 14.Be2 Rc8 15.a3 Nb6
16.Bxb6 Qxb6 17.Nd5 Qd8 18.f4 e5 19.c3 exf4 20.Qd2 f3 21.Bxf3 Ne5 22.Be2 Bxd5
23.Qxd5 Qb6 24.Rg3 Kh8 25.Rd1 Rcd8 26.Qd4 Qc7 27.Rf3 f5 28.exf5 gxf5 29.Kf2 Qe7
30.Rg1 f4 31.Bd3 Rg8 32.Rxf4 Rxg5 33.Rh1 Rf8 34.Rh4 Rfg8 35.Be4 Rg3 36.Ke2 Qg5
37.Kd1 Qe7 38.Kc2 Rc8 39.Kb1 Rcg8 40.Bd5 Rd3 41.Qe4 Re8 42.Rhg4 Rd1+ 43.Kc2 Rxd5
44.Rg7 Rd2+ 45.Kb1 Rd1+ 46.Kc2 Rd2+ 47.Kxd2 Nc4+ 48.Kd3 Nxb2+ 49.Kd4 Qe5+
50.Ke3 Qxc3+ 51.Kf2 Nd3+ 52.Kg2 Nxf4+ 53.Qxf4 Re2+ 54.Kf1 Qe1+  0-1

[Event "Speed Super Swiss KO 2020"]
[Site "chess.com INT"]
[Date "2020.10.04"]
[Round "4.1"]
[White "Nakamura,Hi"]
[Black "Fedoseev,Vl3"]
[Result "0-1"]
[WhiteElo "2736"]
[BlackElo "2678"]

1.e4 c6 2.d4 d5 3.e5 Bf5 4.h4 h5 5.Bd3 Bxd3 6.Qxd3 Qa5+ 7.Bd2 Qa6 8.e6 Qxd3
9.exf7+ Kxf7 10.cxd3 Nd7 11.Nh3 Nh6 12.Nc3 Nf5 13.Ne2 g6 14.Ng5+ Ke8 15.Nf4 Rg8
16.Nfe6 Rc8 17.f3 Bg7 18.Bc3 Nf8 19.g4 Nxe6 20.Nxe6 hxg4 21.fxg4 Ne3 22.Ke2 Nxg4
23.Rag1 Nf6 24.Rxg6 Kf7 25.Nf4 Nh5 26.Rxg7+ Nxg7 27.Rf1 Nf5 28.Nxd5 Rg2+
29.Kf3 Rcg8 30.Ne3 Nxe3 31.Kxe3+ Ke6 32.Rh1 Kf5 33.d5 cxd5 34.Kd4 Rd8 35.Rf1+ Ke6
36.Re1+ Kf7 37.Rf1+ Kg6 38.Re1 Rd7 39.Ke5 Rd6 40.Bb4 Rb6 41.Bc3 Rg4 42.Kxd5 Kf7
43.d4 Rxh4 44.Kc4 Rc6+ 45.Kb3 Rh3 46.a4 Rd6 47.Kc4 Rc6+ 48.Kb3 e6 49.a5 Rh5
50.Rf1+ Ke8 51.Rg1 Rc7 52.Rg8+ Kd7 53.Rg7+ Kc6 54.Rg6 Kd5 55.Rg8 Rd7 56.Ra8 b6
57.axb6 axb6 58.Kb4 Kc6 59.Rc8+ Kb7 60.Re8 Rh6 61.Kc4 Rc7+ 62.Kb5 Rh5+ 63.Kb4 Rc6
64.Re7+ Ka6 65.Kb3 Kb5 66.Re8 Rd6 67.Re7 Rh3 68.Re8 Re3 69.Kc2 Kc4 70.Rc8+ Kd5
71.Kb3 Rd3 72.Rh8 Rf3 73.Kb4 Kc6 74.Kc4 Rf5 75.Rc8+ Kb7 76.Re8 Rc6+ 77.Kb4 Rd5
78.Kb3 Kc7 79.Re7+ Kd8 80.Rh7 Ke8 81.Kb4 Kf8 82.Rb7 Rf5 83.Ra7 Ke8 84.Rb7 Kd8
85.Rh7 Rc7 86.Rh8+ Kd7 87.Rh7+ Kd6 88.Rh6 Rf4 89.Kb5 Rb7 90.Bb4+ Kd5 91.Bc3 Rf5
92.Rh8 Kd6+ 93.Ka6 Rc7 94.Rb8 Rc6 95.Bb4+ Kc7 96.Rb7+ Kc8 97.Rxb6 Kc7 98.Rxc6+ Kxc6
99.Bc5 Rf2 100.Ba3 Rd2 101.Ka5 Rxd4 102.b4 Rd5+ 103.Ka4 e5 104.Kb3 Rd3+ 105.Ka4 e4
106.b5+ Kb6 107.Bb2  0-1

[Event "Titled Tue 13th Oct Final"]
[Site "chess.com INT"]
[Date "2020.10.13"]
[Round "1.1"]
[White "Nakamura,Hi"]
[Black "Pantsulaia,L"]
[Result "1-0"]
[WhiteElo "2736"]
[BlackElo "2553"]

1.Nf3 c5 2.e4 e6 3.d4 cxd4 4.Nxd4 a6 5.Bd3 Nf6 6.O-O e5 7.Nf3 Nc6 8.Bg5 Bc5
9.Nc3 h6 10.Bxf6 Qxf6 11.Nd5 Qd8 12.Nd2 d6 13.c3 O-O 14.a4 Be6 15.Bc4 Rc8
16.Ba2 Ne7 17.Nf3 Ng6 18.Re1 Kh7 19.Ne3 Qb6 20.b4 Bxe3 21.Rxe3 Rc6 22.Bd5 Bxd5
23.Qxd5 Nf4 24.Qd2 Rfc8 25.g3 Ne6 26.a5 Qc7 27.Ra3 Rc4 28.Qd3 g6 29.h4 Kg7
30.h5 g5 31.Nd2 Rc6 32.Qe2 Qd7 33.Rd3 Nf8 34.Nf1 Rc4 35.Ne3 Rxe4 36.Qf3 Rxe3
37.Qxe3 Rc6 38.Ra1 Qg4 39.Rad1 Qxh5 40.Rxd6 Ng6 41.Qe4 Rxc3 42.Rd7 Rf3 43.R1d3 Rf6
44.Rxb7 Qh3 45.Rb6 Qc8 46.Rxf6 Kxf6 47.Rf3+ Kg7 48.Qf5 Qb7 49.b5 axb5 50.a6 Qc7
51.Qxf7+  1-0

[Event "Titled Tue 13th Oct Final"]
[Site "chess.com INT"]
[Date "2020.10.13"]
[Round "2.2"]
[White "Maghsoodloo,Parham"]
[Black "Nakamura,Hi"]
[Result "1/2-1/2"]
[WhiteElo "2676"]
[BlackElo "2736"]

1.e4 e5 2.Nf3 Nc6 3.Bb5 Nf6 4.O-O Nxe4 5.d4 Nd6 6.Bxc6 dxc6 7.dxe5 Nf5 8.Qxd8+ Kxd8
9.h3 Ke8 10.Nc3 h5 11.Bf4 Be7 12.Rfe1 Be6 13.Ng5 Nd4 14.Nxe6 Nxe6 15.Be3 Bb4
16.f4 g6 17.g3 f5 18.exf6 Bxc3 19.bxc3 Kf7 20.Rab1 b6 21.Rb4 c5 22.Re4 Rhe8
23.g4 hxg4 24.hxg4 Kxf6 25.Kf2 Ng7 26.Kf3 Rxe4 27.Kxe4 Re8+ 28.Kf3 Rh8 29.Bf2 Ne6
30.Bg3 Rh7 31.Re5 Rd7 32.f5 Ng5+ 33.Ke3 gxf5 34.Rxf5+ Kg6 35.Bh4 Nf7 36.Rf6+ Kg7
37.g5 Re7+ 38.Kf4 Nd6 39.Bg3 Re2 40.Kf3 Re7 41.Bxd6 cxd6 42.Rxd6 Re5 43.Kf4 Re2
44.Rd7+ Kg6 45.Rxa7 Rxc2 46.Ra6 Rxc3 47.Rxb6+ Kg7 48.a4 Rc4+ 49.Kf5 Rxa4
50.Rb7+ Kg8 51.Rb8+ Kg7 52.Rb7+ Kg8 53.Rb8+ Kg7 54.Rb7+  1/2-1/2

[Event "Titled Tue 13th Oct Final"]
[Site "chess.com INT"]
[Date "2020.10.13"]
[Round "2.3"]
[White "Maghsoodloo,Parham"]
[Black "Nakamura,Hi"]
[Result "0-1"]
[WhiteElo "2676"]
[BlackElo "2736"]

1.Nf3 d5 2.g3 g6 3.Bg2 Bg7 4.d4 Nd7 5.O-O Ngf6 6.Nbd2 Nb6 7.b3 O-O 8.Bb2 Ne4
9.c4 c6 10.a4 Nxd2 11.Nxd2 dxc4 12.a5 c3 13.Bxc3 Nd5 14.Bb2 Nc7 15.Nc4 Nb5
16.e3 Rb8 17.h4 Be6 18.h5 Bd5 19.Bxd5 cxd5 20.Ne5 Rc8 21.hxg6 hxg6 22.Qg4 Qd6
23.Rfc1 e6 24.Nd3 Qe7 25.Kg2 Qf6 26.Qe2 Nd6 27.Ba3 Rfd8 28.Bxd6 Rxc1 29.Be5 Rxa1
30.Bxf6 Bxf6 31.Qc2 Rxa5 32.Qc7 Rb5 33.Ne5 Rf8 34.Nd7 Bg7 35.Nxf8 Bxf8 36.Qc3 a5
37.Qd3 Rb4 38.f3 a4 39.g4 axb3 40.Qb1 b2 41.f4 Rb6 42.Kf3 Ba3 43.f5 exf5
44.gxf5 Rf6 45.e4 dxe4+ 46.Kxe4 Rxf5 47.d5 Rf6 48.Ke5 Rb6 49.Kd4 Bd6 50.Kc4 Rb4+
51.Kc3 b5 52.Kc2 g5 53.Kc3 g4 54.Kd3 g3  0-1

[Event "Titled Tue 13th Oct Final"]
[Site "chess.com INT"]
[Date "2020.10.13"]
[Round "2.1"]
[White "Nakamura,Hi"]
[Black "Maghsoodloo,Parham"]
[Result "1/2-1/2"]
[WhiteElo "2736"]
[BlackElo "2676"]

1.e4 e5 2.Nf3 Nc6 3.Bb5 Nf6 4.d3 Bc5 5.Bxc6 dxc6 6.Nbd2 Qe7 7.h3 a5 8.Nc4 Nd7
9.a4 f6 10.Ne3 Nf8 11.Nf5 Qf7 12.Be3 Bxe3 13.fxe3 Ng6 14.O-O O-O 15.Nd2 Be6
16.Qf3 c5 17.b3 b6 18.Rf2 Rad8 19.Raf1 Bxf5 20.exf5 Ne7 21.g4 Nc8 22.Rg2 Nd6
23.e4 g5 24.fxg6 hxg6 25.h4 Qg7 26.Qe3 Rde8 27.Rf3 Nf7 28.Nf1 Nd8 29.Ng3 Ne6
30.Ne2 g5 31.hxg5 fxg5 32.Rf5 Nf4 33.Rh2 Re6 34.Ng3 Rh6 35.Nh5 Nxh5 36.gxh5 Rxf5
37.exf5 Kh7 38.Qe4 Qf6 39.Re2 Rxh5 40.Qxe5 Qxe5 41.Rxe5 Kg8 42.Re7 Rh7 43.Re6 Rf7
44.Rg6+ Kf8 45.f6 Rh7 46.Rxg5 Kf7 47.Rd5 Kxf6 48.Rd8 Ke6 49.Kg2 Rd7 50.Re8+ Kd5
51.Re4 Rf7 52.Rh4 Rf6 53.Rg4 Rf7 54.Rh4 Rf6 55.Rg4 Rf7 56.Rh4  1/2-1/2

[Event "Titled Tue 13th Oct Final"]
[Site "chess.com INT"]
[Date "2020.10.13"]
[Round "3.3"]
[White "Nakamura,Hi"]
[Black "Vidit,S"]
[Result "1-0"]
[WhiteElo "2736"]
[BlackElo "2726"]

1.e4 e5 2.Nf3 Nc6 3.Bb5 Nf6 4.d3 Bc5 5.Bxc6 dxc6 6.Nbd2 Be6 7.Nb3 Bb6 8.Be3 Qd6
9.Qd2 O-O-O 10.Ng5 Kb8 11.Nxe6 Qxe6 12.O-O Nxe4 13.Qe2 Nf6 14.Rae1 Rhe8 15.Bg5 h6
16.Bxf6 Qxf6 17.Kh1 Qe6 18.f3 f5 19.Qd2 Qd5 20.Qc3 Re6 21.Re2 Rde8 22.Rfe1 a5
23.a4 g5 24.Qc4 h5 25.Nd2 g4 26.f4 Qd6 27.Qb3 e4 28.Nc4 Qxf4 29.Nxb6 cxb6
30.Qxb6 Qc7 31.Qc5 Re5 32.Qd4 Rd5 33.Qf6 Qd6 34.Qf7 Re7 35.Qxh5 exd3 36.Rxe7 d2
37.Qe8+ Ka7 38.Rd1 Qc5 39.Re2 Qxc2 40.Qe3+ c5 41.Rdxd2 Qc1+ 42.Qg1 Qxd2 43.Rxd2 Rxd2
44.Qxc5+ Ka6 45.Qb5+ Ka7 46.Qxa5+ Kb8 47.Qxd2  1-0

[Event "Titled Tue 13th Oct Final"]
[Site "chess.com INT"]
[Date "2020.10.13"]
[Round "3.1"]
[White "Vidit,S"]
[Black "Nakamura,Hi"]
[Result "1/2-1/2"]
[WhiteElo "2726"]
[BlackElo "2736"]

1.d4 Nf6 2.c4 e6 3.Nf3 d5 4.g3 Be7 5.Bg2 O-O 6.O-O dxc4 7.Qc2 a6 8.a4 Bd7
9.Qxc4 Bc6 10.Bg5 Nbd7 11.Rd1 h6 12.Bxf6 Nxf6 13.Nc3 a5 14.e3 Bxf3 15.Bxf3 c6
16.Qb3 Qc7 17.Ne2 Bd6 18.Rac1 Qe7 19.Bg2 e5 20.d5 cxd5 21.Bxd5 Bb4 22.Bg2 Rad8
23.Nc3 b6 24.Nd5 Nxd5 25.Rxd5 Rxd5 26.Bxd5 Bc5 27.Kg2 g6 28.Rd1 Kg7 29.Bc4 Qf6
30.Rd5 Re8 31.Qd1 Be7 32.b3 Rd8 33.Rxd8 Bxd8 34.Qd7 Qe7 35.Qc6 Qc7 36.Qd5 h5
37.h3 Bf6 38.f4 h4 39.fxe5 Bxe5 40.gxh4 Qe7 41.Kf3 Qf6+ 42.Ke2 Qf5 43.Qf3 Qc2+
44.Kf1 Qc1+ 45.Kg2 Qd2+ 46.Qf2 Qxf2+ 47.Kxf2 Bd6  1/2-1/2

[Event "chess.com Speed 2020"]
[Site "chess.com INT"]
[Date "2020.11.12"]
[Round "1.39"]
[White "Nakamura,Hi"]
[Black "Martirosyan,Haik M."]
[Result "1-0"]
[WhiteElo "2736"]
[BlackElo "2622"]

1.b3 Nf6 2.Bb2 d5 3.e3 Bf5 4.Nf3 e6 5.d4 h6 6.Bd3 Bxd3 7.Qxd3 Nbd7 8.O-O Be7
9.Nbd2 O-O 10.e4 dxe4 11.Nxe4 Nxe4 12.Qxe4 c6 13.c4 a5 14.a3 Bd6 15.Rfe1 Re8
16.Rad1 Qe7 17.d5 cxd5 18.cxd5 e5 19.Nh4 Qf6 20.Nf5 Nc5 21.Qg4 h5 22.Qf3 Qg6
23.Nxd6 Qxd6 24.Qxh5 f6 25.Re3 e4 26.Rg3 Nd3 27.Qg6 Re7 28.Bxf6 Nf4 29.Bxe7 Qxg6
30.Rxg6 Nxg6 31.Bg5 Ne5 32.d6 Rc8 33.d7  1-0

[Event "chess.com Speed 2020"]
[Site "chess.com INT"]
[Date "2020.11.12"]
[Round "1.31"]
[White "Nakamura,Hi"]
[Black "Martirosyan,Haik M."]
[Result "1-0"]
[WhiteElo "2736"]
[BlackElo "2622"]

1.e4 e5 2.Nf3 Nc6 3.Bb5 Nf6 4.d3 Bc5 5.Bxc6 dxc6 6.Nbd2 Nd7 7.Nc4 Bd6 8.d4 Qe7
9.O-O O-O 10.c3 f6 11.Re1 Nb6 12.Nxd6 cxd6 13.h3 Be6 14.b3 Bf7 15.Qd3 Bg6
16.Nh4 Qf7 17.Ba3 Rfd8 18.Rad1 d5 19.Nxg6 Qxg6 20.dxe5 fxe5 21.exd5 Nxd5
22.Qxg6 hxg6 23.Rxe5 Nxc3 24.Rxd8+ Rxd8 25.Re7 Nb5 26.Bb2 Rd2 27.Bxg7 Rxa2
28.Be5 b6 29.Rg7+ Kf8 30.Rxg6 c5 31.h4 Re2 32.f4 Nd4 33.h5 Nf5 34.Rf6+  1-0

[Event "chess.com Speed 2020"]
[Site "chess.com INT"]
[Date "2020.11.12"]
[Round "1.16"]
[White "Martirosyan,Haik M."]
[Black "Nakamura,Hi"]
[Result "0-1"]
[WhiteElo "2622"]
[BlackElo "2736"]

1.d4 Nf6 2.Nf3 e6 3.c4 d5 4.Nc3 Be7 5.Bf4 O-O 6.e3 Nbd7 7.Be2 dxc4 8.O-O a6
9.a4 b6 10.Bxc4 Bd6 11.Bxd6 cxd6 12.d5 e5 13.Nd2 a5 14.Bb5 Nc5 15.Nc4 Bf5
16.f3 Bd3 17.Rf2 e4 18.f4 Rc8 19.b3 h5 20.h3 h4 21.Bc6 Bxc4 22.bxc4 Nd3 23.Rd2 Nb4
24.Bb5 g6 25.Qe1 Nh5 26.Nxe4 Qe7 27.Ng5 Ng3 28.Qf2 Qf6 29.Re1 Qc3 30.e4 Rc7
31.e5 Re7 32.e6 fxe6 33.dxe6 Rf5 34.Rxd6 Rxf4 35.Qd2 Qf6 36.Nf3 Ne4 37.Rd8+ Kg7
38.Qd4 Nc5 39.Qxf6+ Rxf6 40.Nxh4 Rfxe6 41.Rxe6 Rxe6 42.Nf3 Nbd3 43.Rb8 Nb2
44.Nd4 Rd6 45.Nc6 Nbxa4 46.h4 Nc3 47.Rxb6 a4 48.Rb8 a3 49.Ra8 Rd1+ 50.Kh2 a2
51.Ra7+ Kf6  0-1

[Event "chess.com Speed 2020"]
[Site "chess.com INT"]
[Date "2020.11.12"]
[Round "1.28"]
[White "Martirosyan,Haik M."]
[Black "Nakamura,Hi"]
[Result "1/2-1/2"]
[WhiteElo "2622"]
[BlackElo "2736"]

1.d4 Nf6 2.Nf3 e6 3.c4 d5 4.Nc3 Be7 5.Bf4 O-O 6.e3 Nbd7 7.Be2 dxc4 8.O-O a6
9.a4 c5 10.d5 exd5 11.Nxd5 Nxd5 12.Qxd5 Nf6 13.Qxd8 Rxd8 14.Bc7 Re8 15.Bxc4 Be6
16.Bxe6 fxe6 17.a5 Nd5 18.Be5 c4 19.Rfc1 Rac8 20.Nd2 Nb4 21.Rxc4 Nd3 22.Bc3 Bf6
23.Rb1 Rxc4 24.Nxc4 Bxc3 25.bxc3 Rc8 26.Nd6 Rxc3 27.g4 Rc2 28.Rxb7 Rxf2 29.Rb3 Nc5
30.Rb6 Nd3 31.Rxa6 h6 32.Rc6 Ra2 33.Nc4 Ne1 34.h3 Nf3+ 35.Kf1 e5 36.e4 Kh7
37.a6 Kg8 38.Nd6 Rd2 39.Rc3 Rxd6 40.a7 Ra6 41.Rc8+ Kf7 42.a8=Q Nd2+ 43.Ke2 Rxa8
44.Rxa8 Nxe4 45.Ke3 Nf6 46.Ra5 Ke6 47.Ra7 g5 48.Ra6+ Kf7 49.Kf3 Ke7 50.Ra7+ Ke6
51.Rg7 e4+ 52.Ke3 Ke5 53.Re7+ Kd6 54.Ra7 Ke5 55.Re7+ Kd6 56.Rf7 Ke5 57.Rxf6 Kxf6
58.Kxe4 h5 59.gxh5 Kg7 60.Kf5 Kh7 61.Kxg5 Kg7 62.h6+ Kh7 63.Kh5 Kh8 64.Kg5 Kh7
65.h4 Kh8 66.Kg6 Kg8 67.h7+ Kh8 68.Kh6  1/2-1/2

[Event "chess.com Speed 2020"]
[Site "chess.com INT"]
[Date "2020.11.12"]
[Round "1.13"]
[White "Nakamura,Hi"]
[Black "Martirosyan,Haik M."]
[Result "1-0"]
[WhiteElo "2736"]
[BlackElo "2622"]

1.Nf3 Nf6 2.d4 e6 3.c4 b6 4.g3 Ba6 5.b3 Bb4+ 6.Bd2 Be7 7.Nc3 d5 8.cxd5 exd5
9.Bg2 O-O 10.O-O Re8 11.Rc1 Nbd7 12.Ne5 Bb7 13.Bg5 Nf8 14.e3 Ne6 15.Bxf6 Bxf6
16.b4 c6 17.Qb3 Qd6 18.Nd3 Red8 19.Rc2 a5 20.a3 axb4 21.axb4 Nc7 22.Rfc1 Ba6
23.Nb2 Be7 24.Nca4 Bb5 25.Nxb6 Ra6 26.N6a4 Qxb4 27.Qxb4 Bxb4 28.Nc3 Bxc3
29.Rxc3 Rda8 30.Bf1 Ne8 31.Bxb5 cxb5 32.Rc5 b4 33.Rxd5 Rb8 34.Nd3 b3 35.Rb1 Rab6
36.Nc5 Rb5 37.Rd7 b2 38.Nd3 Nf6 39.Ra7 h5 40.Ra2 Ne4 41.Raxb2 Rxb2 42.Rxb2 Rc8
43.Kg2 Rc3 44.Nf4 g6 45.h4 Kg7 46.Nd5 Ra3 47.Nf4 Rc3 48.Nh3 Kh6 49.Rb7 Kg7
50.Ng5 Nxg5 51.hxg5 Ra3 52.d5 Ra4 53.Kf3  1-0

[Event "chess.com Speed 2020"]
[Site "chess.com INT"]
[Date "2020.11.12"]
[Round "1.26"]
[White "Martirosyan,Haik M."]
[Black "Nakamura,Hi"]
[Result "1/2-1/2"]
[WhiteElo "2622"]
[BlackElo "2736"]

1.d4 Nf6 2.Nf3 e6 3.c4 d5 4.Nc3 Be7 5.Bf4 O-O 6.e3 Nbd7 7.Be2 dxc4 8.O-O a6
9.a4 c5 10.d5 exd5 11.Nxd5 Nxd5 12.Qxd5 c3 13.bxc3 Nf6 14.Qb3 Be6 15.c4 Qc8
16.Rab1 b5 17.axb5 axb5 18.Qxb5 Ne4 19.Qb3 Bf6 20.Bd3 Nc3 21.Rb2 Rd8 22.Qc2 Qa6
23.Be5 Bxc4 24.Bxc4 Qxc4 25.Bxf6 gxf6 26.h3 Ra3 27.Rfb1 Qe4 28.Qxe4 Nxe4
29.Rc1 Rc8 30.Rbc2 Rca8 31.Nh4 R3a5 32.f3 Nd6 33.Rxc5 Rxc5 34.Rxc5 Ra6 35.e4 Rb6
36.Rd5 Ra6 37.Kh2 Rb6 38.g4 Ra6 39.Kg3 h6 40.Ng2 Rb6 41.Kf4 Nc4 42.Nh4 Ne5
43.Rd8+ Kh7 44.Kg3 Rb3 45.Rd2 Ra3 46.Rf2 Nd3 47.Rf1 Ne5 48.Ng2 h5 49.gxh5 Kh6
50.Nf4 Rb3 51.h4 Ra3 52.Nd5 f5 53.exf5 Kxh5 54.Kf4 Nd3+ 55.Ke4 Kh6 56.Kd4 Nb2
57.Rb1 Ra4+ 58.Kc3 Nc4 59.Rb7 Ne5 60.f4 Ng4 61.Rxf7 Nf2 62.f6 Ne4+ 63.Kb3 Nc5+
64.Kc3 Ne4+ 65.Kc2 Kg6 66.Rf8 Ra5 67.Ne7+ Kh7 68.f7 Kg7 69.Ng6 Kxg6 70.Re8 Rc5+
71.Kd3 Nf2+ 72.Kd4 Kxf7 73.Kxc5 Kxe8 74.f5 Kf7 75.h5 Ng4 76.h6 Nxh6 77.f6 Nf5
78.Kd5 Kxf6  1/2-1/2

[Event "chess.com Speed 2020"]
[Site "chess.com INT"]
[Date "2020.11.12"]
[Round "1.34"]
[White "Martirosyan,Haik M."]
[Black "Nakamura,Hi"]
[Result "1/2-1/2"]
[WhiteElo "2622"]
[BlackElo "2736"]

1.d4 g6 2.Nf3 Bg7 3.g3 d6 4.Bg2 Bd7 5.O-O Qc8 6.e4 Nc6 7.d5 Ne5 8.Nxe5 Bxe5
9.Nd2 Bh3 10.Nf3 h5 11.Bxh3 Qxh3 12.Ng5 Qd7 13.h4 Nh6 14.Kg2 Bf6 15.Nf3 Ng4
16.c4 c6 17.Qb3 cxd5 18.cxd5 O-O 19.Bd2 a5 20.a4 Rfb8 21.Bc3 b5 22.axb5 Qxb5
23.Qxb5 Rxb5 24.Nd4 Bxd4 25.Bxd4 a4 26.Ra3 Rb4 27.Rd1 Rc8 28.Rd2 Rc1 29.f3 Ne5
30.Bc3 Rc4 31.Kf2 Rh1 32.Kg2 Rb1 33.Kf2 Rc1 34.Kg2 f6 35.Kf2 Kf7 36.Kg2 Rb1
37.Kf2 Rh1 38.Kg2 Rc1 39.Kf2 Nd7 40.Ke2 Rg1 41.Kf2 Rh1 42.Kg2 Rb1 43.Rd4 Rxd4
44.Bxd4 Rc1 45.Rxa4 Rc2+ 46.Kf1 Ne5 47.Bxe5 dxe5 48.Rb4 f5 49.Rb7 fxe4 50.fxe4 Kf6
51.Rb6+ Kf7 52.b3 Rd2 53.Re6 Rd3 54.Kf2 Rxb3 55.Rxe5 Rb2+ 56.Kf3 Rb3+ 57.Kf4 Rb6
58.Rg5 Rf6+ 59.Ke3 Rf1 60.Ke2 Rh1 61.Re5 Ra1 62.Re6 Ra3 63.Kf2 Rb3 64.Rc6 Rd3
65.Ke2 Rxg3 66.e5 Rg4 67.Ke3 Rxh4 68.Rc7 Kf8 69.Rc8+ Kf7 70.Rc7 Kf8 71.Rc8+ Kf7
72.Rc7  1/2-1/2

[Event "chess.com Speed 2020"]
[Site "chess.com INT"]
[Date "2020.11.12"]
[Round "1.36"]
[White "Martirosyan,Haik M."]
[Black "Nakamura,Hi"]
[Result "0-1"]
[WhiteElo "2622"]
[BlackElo "2736"]

1.d4 g6 2.Nf3 Bg7 3.g3 d6 4.Bg2 Bd7 5.O-O Qc8 6.e3 Nc6 7.c4 Bh3 8.Bxh3 Qxh3
9.Ng5 Qd7 10.h4 h6 11.Nf3 Qh3 12.Qe2 Nf6 13.Rd1 g5 14.Qf1 Qg4 15.Nbd2 e5
16.d5 Ne7 17.b3 Ng6 18.Nh2 Qd7 19.h5 Nxh5 20.Ba3 Nf6 21.e4 h5 22.c5 h4 23.Qg2 hxg3
24.fxg3 Ng4 25.Nxg4 Qxg4 26.cxd6 cxd6 27.Nc4 Bf8 28.Bxd6 Rh3 29.Rd3 Nf4 30.Qf3 Rxg3+
31.Qxg3 Ne2+ 32.Kf2 Nxg3 33.Rxg3 Qf4+ 34.Rf3 Qh2+ 35.Ke3 g4 36.Bxe5 Qh6+
37.Rf4 b5 38.Nb2 f6 39.Bc7 Rc8  0-1

[Event "chess.com Speed 2020"]
[Site "chess.com INT"]
[Date "2020.11.12"]
[Round "1.15"]
[White "Nakamura,Hi"]
[Black "Martirosyan,Haik M."]
[Result "1-0"]
[WhiteElo "2736"]
[BlackElo "2622"]

1.Nf3 Nf6 2.d4 e6 3.c4 b6 4.g3 Ba6 5.b3 Bb4+ 6.Bd2 Be7 7.Nc3 d5 8.cxd5 exd5
9.Bg2 O-O 10.O-O Re8 11.Rc1 Nbd7 12.Ne5 Bb7 13.Bg5 Nf8 14.e3 Ne6 15.Bxf6 Bxf6
16.b4 c6 17.Qb3 Qd6 18.f4 Nc7 19.Rc2 Be7 20.a3 a5 21.bxa5 b5 22.a4 Rxa5 23.Rfc1 Qa3
24.Qb1 Qd6 25.axb5 cxb5 26.Ne4 dxe4 27.Rxc7 Ba8 28.Bxe4 Bxe4 29.Qxe4 Ra1
30.Rxa1 Qxc7 31.Qc6 Qb8 32.Qd5 Rf8 33.Nxf7 b4 34.Nh6+  1-0

[Event "chess.com Speed 2020"]
[Site "chess.com INT"]
[Date "2020.11.12"]
[Round "1.11"]
[White "Nakamura,Hi"]
[Black "Martirosyan,Haik M."]
[Result "1-0"]
[WhiteElo "2736"]
[BlackElo "2622"]

1.Nf3 Nf6 2.e3 e6 3.b3 c5 4.c4 Be7 5.Bb2 O-O 6.Nc3 d5 7.cxd5 Nxd5 8.Nxd5 exd5
9.d4 Nc6 10.Be2 cxd4 11.Nxd4 Qa5+ 12.Kf1 Nxd4 13.Bxd4 Bf5 14.Bd3 Be4 15.f3 Bxd3+
16.Qxd3 Rfe8 17.Kf2 Bc5 18.Bxc5 Qxc5 19.Rac1 Qb6 20.Rhd1 a5 21.Qd4 Qh6 22.h3 Re6
23.Rc5 Rae8 24.Rd3 Rc6 25.Rxa5 Rc2+ 26.Rd2 Rxd2+ 27.Qxd2 Qh4+ 28.Kf1 d4 29.Qxd4 Qe7
30.Rd5 h6 31.Rd7 Qa3 32.Qd2 Rf8 33.Rd8 Qa6+ 34.Kf2 Rxd8 35.Qxd8+ Kh7 36.Qd2 g6
37.a4 Qc6 38.Qd3 h5 39.Qc4 Qd7 40.Ke2 Qd6 41.Qxf7+  1-0

[Event "chess.com Speed 2020"]
[Site "chess.com INT"]
[Date "2020.11.12"]
[Round "1.24"]
[White "Martirosyan,Haik M."]
[Black "Nakamura,Hi"]
[Result "0-1"]
[WhiteElo "2622"]
[BlackElo "2736"]

1.d4 Nf6 2.Nf3 e6 3.c4 d5 4.Nc3 Be7 5.Bf4 O-O 6.e3 Nbd7 7.Be2 dxc4 8.O-O a6
9.a4 b6 10.Bxc4 Bd6 11.Bxd6 cxd6 12.Bd3 Bb7 13.e4 e5 14.Re1 Re8 15.Qd2 Rc8
16.Rad1 Qe7 17.Bb1 Qf8 18.Ba2 h6 19.Nh4 d5 20.exd5 Qb4 21.Nf5 exd4 22.Rxe8+ Rxe8
23.Qxd4 Qxb2 24.Nd6 Rb8 25.Nxb7 Rxb7 26.d6 b5 27.axb5 axb5 28.h3 b4 29.Rb1 Qa3
30.Bc4 bxc3 31.Bxf7+ Kxf7 32.Rxb7 Qc1+ 33.Kh2 Qd2 34.Qc4+ Kg6 35.Rc7 Qxd6+
36.Kg1 Qd1+ 37.Kh2 Qd2 38.Qxc3 Qxf2 39.Qd3+ Qf5 40.Qxf5+ Kxf5 41.Rc1 g5 42.Rf1+ Kg6
43.Re1 Nc5 44.Re5 Nd3 45.Ra5 Nf4 46.Ra4 Ne6 47.Kg1 h5 48.Ra6 Nc5 49.Rc6 Ne4
50.Rc8 h4 51.Rc1 Nd5 52.Rd1 Nf4 53.Kh2 Nh5 54.Re1 Nhg3 55.Ra1 Kf5 56.Ra8 Kf4
57.Rf8+ Ke3 58.Ra8 Nd2 59.Kg1 Ne2+ 60.Kh2 Nf1+ 61.Kh1 Neg3+ 62.Kg1 Nd2 63.Re8+ Nde4
64.Re7 Ne2+ 65.Kh2 Kd4 66.Re8 Nf4 67.Rd8+ Ke5 68.Re8+ Ne6 69.Kg1 Kf5 70.Ra8 Nf6
71.Kf2 Kf4 72.Ra4+ Ne4+ 73.Kg1 Nc5 74.Ra8 Nd3 75.Rd8 Ke3 76.Re8 Nc1 77.Kh2 Na2
78.Re7 Nb4 79.Re8 Nd3 80.Re7 Kf4 81.Kg1 Ne5 82.Re8 Nd7 83.Re7 Ndf6 84.Ra7 Kf5
85.Ra5+ Kg6 86.Ra6 Kg7 87.Kh2 Nd5 88.Ra5 Ndf6 89.Kg1 Kg6 90.Kh2 Nd6 91.Kg1 Nc4
92.Ra8 Ne3 93.Ra3 Nfd5 94.Ra6+ Kf5 95.Ra8 Nf4 96.Rf8+ Kg6 97.Rg8+ Kh6 98.Rh8+ Kg7
99.Ra8 Nexg2 100.Ra3 Ne1 101.Kf2 Ned3+ 102.Kf3 Kf6 103.Ke4 Nc5+ 104.Kd4 Nce6+
105.Ke4 Nc5+ 106.Kd4 Nfe6+ 107.Kd5 Nd7 108.Ra6 Nf8 109.Ke4 Ng6 110.Kf3 Nf4
111.Kg4 Ng6 112.Kh5 Kf5 113.Rxe6 Nf4+ 114.Kh6 Nxe6  0-1